000 01390nas a2200433 4500
001 BR2013006610
003 BR-BrBNA
005 20231205122829.0
007 ta
008 230509b bl.|||p| |||| 00| 00por d
040 _aBR-BrBNA
_bpor
_cBiblioteca Nacional de Agricultura
041 _a(Pt)
072 _aK10
100 1 _aSouza, A.L. de
100 1 _aFerreira, R.A.
100 1 _aMello, A.A. de
100 1 _aPlácido, D. da R.
100 1 _aSantos, C.Z.A. dos
100 1 _aGraça, D.A.S. da
100 1 _aAlmeida Júnior, P.P. de
100 1 _aBarretto, S.S.B.
100 1 _aDantas, J.D. de M.
100 1 _aPaula, J.W.A. de
100 1 _aSilva, T.L. da
100 1 _aGomes, L.P.S.
100 1 _aDias, H.C.T.
100 1 _aMartins, S.V.
100 1 _aSouza, A.L. de
245 1 _aDiagnóstico quantitativo e qualitativo da arborização das praças de Aracaju, SE
246 1 _aQuantitative and qualitative diagnostic of urban trees squares in Aracaju, SE, Brazil
650 _aARBORIZAÇÃO
650 _aURBANIZAÇÃO
650 _aQUALIDADE
650 _aLEVANTAMENTO
773 0 _tRevista Árvore (Brazil)
_xISSN 0100-6762
_g(Nov-Dec 2011), v. 35(6) p. 1253-1263
_wBR2013006610
856 4 _uhttp://www.scielo.br/pdf/rarv/v35n6/a12v35n6.pdf
_yRecurso eletrônico (PDF)
909 _a202311
_bLúcia
_c55
_dLúcia Elande
942 _2AGRIS
_n0
_cANA
999 _c230808
_d230808